Essays on Trading Strategy (Record no. 43583)

MARC details
000 -LEADER
fixed length control field 00470nam a22001697a 4500
005 - DATE AND TIME OF LATEST TRANSACTION
control field 20250416172653.0
008 - FIXED-LENGTH DATA ELEMENTS--GENERAL INFORMATION
fixed length control field 250405b |||||||| |||| 00| 0 eng d
020 ## - INTERNATIONAL STANDARD BOOK NUMBER
International Standard Book Number 9798886130768
041 ## - LANGUAGE CODE
Language code of text/sound track or separate title eng
082 ## - DEWEY DECIMAL CLASSIFICATION NUMBER
Classification number 332.632 GIL
100 ## - MAIN ENTRY--PERSONAL NAME
Author Giller, Graham L.
245 ## - TITLE STATEMENT
Title Essays on Trading Strategy
260 ## - PUBLICATION, DISTRIBUTION, ETC.
Place London
Publisher World Scientific
Publication Year 2024
300 ## - PHYSICAL DESCRIPTION
Extent 176; . pages 23 cm
650 ## - SUBJECT ADDED ENTRY--TOPICAL TERM
Subject Investments; Financial Risk Management; Portfolio Management
942 ## - ADDED ENTRY ELEMENTS (KOHA)
Koha item type Books
Holdings
Withdrawn status Lost status Source of classification or shelving scheme Damaged status Not for loan Home library Current library Shelving location Accession Date Vendor Price Bill number Total Checkouts Total Renewals Full call number Barcode No Date due Date last seen Date last checked out Discount Bill Date Koha item type Suggested By
    Dewey Decimal Classification     IMTN IMTN Rack 12-A 03/28/2025 Raghav Book Private Limited 1895.00 2374 4 3 332.632 GIL 33903 01/28/2026 01/18/2026 01/18/2026 30 02/14/2025 Books Annu Priya (2023208)
Designed & Maintained by: LRC IMT Nagpur Contact: lrc@imtnag.ac.in© 2024. All Rights Reserved.